| 000 | 00596nam a2200193Ia 4500 | ||
|---|---|---|---|
| 008 | 140321s9999 xx 000 0 und d | ||
| 020 | _a9780230284869 | ||
| 050 |
_aHF 1359 _b.D681 2012 |
||
| 100 | _aDone, Adrian | ||
| 245 |
_aGlobal trends : _bfacing up to a changing world / _cAdrian Done. |
||
| 260 |
_aNew York : _bPalgrave Macmillan, _cc2012. |
||
| 300 |
_a296 p. : _c25 cm. |
||
| 500 | _aIncludes bibliographical references and index. | ||
| 521 | _aBSBA | ||
| 650 | _aCompetition, International. | ||
| 650 | _aInternational economic relations. | ||
| 942 |
_kFOR _cBK |
||
| 999 |
_c48225 _d48225 |
||